Smithsonian

Spremljeno u:
Bibliografski detalji
Format: Knjiga
Jezik:Undetermined
Izdano: Washington Smithsonian Associates 2018
Teme:
Oznake: Dodaj oznaku
Bez oznaka, Budi prvi tko označuje ovaj zapis!
Thư viện lưu trữ: Trung tâm Học liệu Trường Đại học Cần Thơ
LEADER 00403nam a2200145Ia 4500
001 CTU_235320
008 210402s9999 xx 000 0 und d
082 |a 500 
082 |b S664 
245 0 |a Smithsonian 
260 |a Washington 
260 |b Smithsonian Associates 
260 |c 2018 
650 |a Sciences naturelles,Khoa học tự nhiên 
980 |a Trung tâm Học liệu Trường Đại học Cần Thơ